Times por Escudo - Premier League 25/26 - Statistics

Estatísticas Gerais
  • Esse quiz foi jogado 95 vezes
  • A pontuação média é 17 de 20
Estatísticas das Respostas
Imagem Resposta % Correto
Arsenal
99%
Chelsea
97%
Manchester City
93%
Manchester United
92%
Everton
89%
Liverpool
89%
Aston Villa
88%
Crystal Palace
88%
West Ham
88%
Wolverhampton
88%
Newcastle
86%
Leeds United
85%
Tottenham
85%
Fulham
81%
Brentford
76%
Brighton
76%
Nottingham Forest
76%
Sunderland
74%
Bournemouth
73%
Burnley
64%
Nenhum quiz correspondente encontrado
Distribuição das Pontuações
Porcentagem de Pessoas com Cada Pontuação
Percentil de Números Respondidos
Sua Pontuação Histórica
Você não jogou esse quiz